| 000 | 00486cam a2200193ua 4500 | ||
|---|---|---|---|
| 001 | 1004 | ||
| 005 | 20260515113247.0 | ||
| 008 | 110426n ii |||gr||||Z||||||eng | ||
| 040 | _cMAIN | ||
| 082 | _a320.954 | ||
| 245 | 1 |
_aGovernment of India _cby Madan Gopal Gupta |
|
| 250 | _a1st. | ||
| 260 |
_aAllahabad: _bCentral book depot,965. |
||
| 300 | _a278p.:0cm. | ||
| 653 | _aPolitical science | ||
| 653 | _aGovernment of India | ||
| 700 |
_aGupta, Madan Gopal., _eAuthor. |
||
| 942 | _cBK | ||
| 999 |
_c923 _d923 |
||